000 00743nam a2200217 a 4500
005 20240919063726.0
008 021017s1998 mx r 000 0 spa d
020 _a9684442483
035 _aUPN01000120208
049 _aCG
050 4 _aF1208
_bB3.2
100 1 _aBarroso Estrada, María Cristina
245 1 3 _aUn bosquejo de la historia de México :
_bde la prehistoria al milagro mexicano /
_cMaría Cristina Barroso Estrada, Guillermo Hagg y Saab.
260 _aMéxico :
_bAddison-Wesley Longman :
_bAlhambra,
_c1998.
300 _a327 p.
651 4 _aMéxico
_xHistoria
_94558
651 4 _aMéxico
_xCivilización
_95406
651 4 _aAMERICA CENTRAL -
_xHISTORIA
_92679
700 1 _aHagg y Saab, Guillermo,
_ecoaut.
905 _aLibro
999 _c92550
_d92550